00995cam a22002653a 450000100060000000300060000600500170001200800410002904000150007004200070008505000070009210000120009924502740011126000290038550600300041451600200044465300090046465300460047365300470051965300090056665300480057570000350062383000290065885600420068723291PGUSA20140828083509.0071102s2007||||xxu|||||s|||||000 | eng d aPGUSAbeng adc 4aDA1 aUnknown10aSinks of London Laid Open :bA Pocket Companion for the Uninitiated, to Which is Added a Modern Flash Dictionary Containing all the Cant Words, Slang Terms, and Flash Phrases Now in Vogue, with a List of the Sixty Orders of Prime Covesh[electronic resource] /cUnknown bProject Gutenberg,c2007 aPublic domain in the USA. aElectronic text aVice aEnglish language -- Slang -- Dictionaries aLondon (England) -- Description and travel aCant aLondon (England) -- Social life and customs1 aCruikshank, George,d1792-1878 0aProject Gutenbergv2329140uhttp://www.gutenberg.org/ebooks/23291